How the bonus became extinct (Record no. 80950)
[ view plain ]
| 000 -LEADER | |
|---|---|
| fixed length control field | 00962cab a22002055a 4500 |
| 001 - CONTROL NUMBER | |
| control field | L145816 |
| 008 - FIXED-LENGTH DATA ELEMENTS--GENERAL INFORMATION | |
| fixed length control field | 081111e20081107xxkdo f s 000 0 eng d |
| 035 ## - SYSTEM CONTROL NUMBER | |
| System control number | (Sirsi) u145816 |
| 041 0# - LANGUAGE CODE | |
| Language code of text/sound track or separate title | eng |
| 100 1# - MAIN ENTRY--PERSONAL NAME | |
| Personal name | Parsley, David |
| 245 00 - TITLE STATEMENT | |
| Title | How the bonus became extinct |
| 260 ## - PUBLICATION, DISTRIBUTION, ETC. | |
| Date of publication, distribution, etc. | 2008 |
| 490 ## - SERIES STATEMENT | |
| Series statement | Building |
| Volume/sequential designation | 273 (8554) 07 November 2008, 60-62 (3) |
| 520 ## - SUMMARY, ETC. | |
| Summary, etc. | Examines the 2008 Building/Hays Executive salary guide. Reveals that executives' bonuses are and will be lower in the next years. Salaries remain at the same level. Reports that companies have ample choice of job candidates due to the amount of unemployed people on the market. Shows that salaries of those working abroad are not as high as they used to be. Contains tables of executive and managing directors' salaries and benefits. |
| 590 ## - LOCAL NOTE (RLIN) | |
| Local note | KA |
| 650 24 - SUBJECT ADDED ENTRY--TOPICAL TERM | |
| Topical term or geographic name entry element | BUILDING/HAYS EXECUTIVE SALARY GUIDE |
| 651 #4 - SUBJECT ADDED ENTRY--GEOGRAPHIC NAME | |
| Geographic name | United Kingdom |
| Chronological subdivision | |
| 690 ## - LOCAL SUBJECT ADDED ENTRY--TOPICAL TERM (OCLC, RLIN) | |
| Topical term or geographic name as entry element | MANAGEMENT-BUSINESS MANAGEMENT |
| 942 ## - ADDED ENTRY ELEMENTS (KOHA) | |
| Suppress in OPAC | 0 |
| Withdrawn status | Lost status | Source of classification or shelving scheme | Damaged status | Not for loan | Home library | Current library | Shelving location | Date acquired | Total Checkouts | Full call number | Barcode | Date last seen | Copy number | Price effective from | Koha item type |
|---|---|---|---|---|---|---|---|---|---|---|---|---|---|---|---|
| Dewey Decimal Classification | London | London | Journal article | 11/11/2008 | L145816 | 145816-1001 | 06/08/2019 | 1 | 06/08/2019 | Journal article |